IEP Lyon : Sociologie Politique 1 (genèse de la sociologie politique) - Statistiques

Statistiques générales
  • Ce quiz a été pris 149 fois
  • Le résultat moyen est 6 sur 17
Statistiques - réponses
Hint Réponse % Correct
Qui est le "père fondateur" de la sociologie ? Emile Durkheim
99%
Qui a écrit Le Savant et le Politique ? Max Weber
59%
3 types de légitimité selon Weber : traditionnelle (fondée sur la coutume), rationnelle-légale (dans un cadre de règles rationnelles) et ... (croyance en les talents du dirigeant) charismatique
58%
Cet auteur a donné une définition de l'objet sociologique, qu'il nomme ... (2 mots) fait social
55%
Pour accéder aux faits sociaux, il faut écarter les ... pour objectiver. prénotions
52%
Contrairement à l'holisme méthodologique de Durkheim, Weber emploie plutôt un ... méthodologique pour analyser les faits sociaux individualisme
47%
Selon le W il y a deux manières de faire de la politique : en dirigeant (policy) ou en influençant la politique (nommé ... en anglais) politics
42%
"des manières d'agir, de penser et de sentir extérieures à l'individu et qui sont douées d'un pouvoir de ... en vertu duquel ils s'imposent à lui" (Les Règles de la méthode Sociologique) coercition
34%
"schéma intellectuel qui permet de donner une vision approximative de la réalité" idéal-type
34%
3 types d'actions idéal-typiques selon le W : traditionnelle, affective et ... rationnelle
28%
Contrairement au concept de puissance (macht) - pouvoir fondé sur la coercition, le W affirme que la politique est principalement de la ... (herrschaft) basée sur une certaine légitimité domination
25%
En se détachant des prénotions, on ne prend pas parti sur l'axe du bien et du mal. Cela s'appelle la ... (2 mots) neutralité axiologique
23%
définition de la politique selon cet auteur : "la ... ou l'... exercée sur la direction d'un groupement politique" (réponse .../... ) direction/influence
14%
Avec son ouvrage sur le suicide, dans lequel il montre qu'il peut être considéré comme un fait social, le D emploie des principes épistémologiques ... holistes
12%
Quel pelo a dit ça "La détermination subjective contient au moins cette vérité partielle que tout est potentiellement politique, et que chaque groupe – à la limite chaque individu – détermine à sa guise les limites de la sphère politique en qualifiant une relation de politique" Jean Leca
5%
et aussi il faut chercher les faits sociaux ... antécédents
3%
Norbert Elias dépasse l'opposition holisme-individualisme avec son approche dite "..." : société comme chaînes de relations avec la métaphore d'un jeu de rôle configurationnelle
1%
Aucun quiz correspondant
Distribution des résultats
% des personnes avec chaque résultat
Percentile par nombre de réponses
Votre historique - résultats
Vous n’avez pas pris ce quiz